000 00362nam a2200145Ia 4500
008 240624s9999 xx 000 0 und d
041 _aeng
082 _a330 TAY
100 _aTAYLOR JOHN B
245 _aECONOMICS
250 _a(7th ed.)
260 _c2012
_aAustralia
_bSouth-Western Cengage Learning
300 _axlv, : 836 : p. : cm. ; 25
365 _c
_b30
999 _c19731
_d19731